| 000 | 00940nam a2200277 a 4500 | ||
|---|---|---|---|
| 001 | 43671 | ||
| 003 | BD-RjUL | ||
| 005 | 20211209053731.0 | ||
| 008 | 160625s1987 bg b 001 0 eng | ||
| 020 | _cTk180.00 | ||
| 035 | _a(BD-RjUL)43789 | ||
| 040 |
_aDLC _cDLC _dBD-RjUL _beng |
||
| 041 | _aeng | ||
| 082 | 0 | 0 |
_a332.67314095492 _223 _bREP 1987 |
| 100 | 1 |
_aReza, Sadrel _9134189 |
|
| 245 | 1 | 0 |
_aPrivate foreign investment in Bangladesh / _cSadrel Reza, A.H.M. Mahbubul Alam, M. Ali Rashid. |
| 260 |
_aDhaka, Bangladesh : _bUniversity Press, _cc1987 |
||
| 300 |
_axi, 184 p. ; _c22 cm. |
||
| 504 | _aIncludes bibliographical references (p. [180]-182). | ||
| 650 | 0 |
_aInvestments, Foreign _zBangladesh. _9134190 |
|
| 650 | 0 |
_aBusiness enterprises _zBangladesh _xFinance. _9134191 |
|
| 700 | 2 |
_aMahbubul Alam, A. H. M. _9134192 |
|
| 700 | 1 |
_aRashid, M. Ali _q(Mohammed Ali) _9134193 |
|
| 942 |
_2ddc _cBK |
||
| 999 |
_c43671 _d43671 |
||